Keats
Guardat en:
| Autor principal: | |
|---|---|
| Format: | Llibre |
| Idioma: | anglès |
| Publicat: |
Boston
Houghton Mifflin Company
1899
|
| Col·lecció: | The Cambridge Edition of the Poets
|
| Matèries: | |
| Etiquetes: |
Afegir etiqueta
Sense etiquetes, Sigues el primer a etiquetar aquest registre!
|
MARC
| LEADER | 00000nam a2200000 a 4500 | ||
|---|---|---|---|
| 001 | UCY7152 | ||
| 003 | CL-VaPUC | ||
| 005 | 20250122153528.0 | ||
| 008 | 950609e18990000US |||||||||||||||||eng|d | ||
| 999 | |c 234588 |d 234586 | ||
| 040 | |c Pontificia Universidad Católica de Valparaíso | ||
| 082 | 0 | 4 | |a 821 |b SCU |2 21 |
| 100 | 0 | |a Scudder, Horace E |e author |9 337426 | |
| 245 | 1 | 0 | |a Keats |
| 260 | |a Boston |b Houghton Mifflin Company |c 1899 | ||
| 300 | |a 473 p | ||
| 490 | 0 | |a The Cambridge Edition of the Poets | |
| 583 | |a last modification |c 19950609 00:00:00 |k Rodrigo Vera | ||
| 600 | 0 | |a Keats, John |d 1795-1821 |e autor |9 859068 | |
| 650 | 0 | |a Poesías inglesas |9 265094 | |
| 852 | |a BIBCUR | ||
| 942 | |c BK |2 ddc | ||
| 945 | |d 19950609 00:00:00 |a rbrito | ||
| 952 | |0 0 |1 0 |4 0 |6 821_000000000000000_SCU_1899 |7 0 |8 A |9 241133 |a BIBART |b BIBART |d 2019-11-18 |i 2006863 |o 821 SCU 1899 |p 2006863 |r 2025-03-13 |w 2019-11-18 |y BK |k ART | ||